Aristóles y el liceo

Salvato in:
Dettagli Bibliografici
Autore principale: Brun, Jean (Autore)
Natura: Libro
Lingua:spagnolo
Pubblicazione: Buenos Aires Editorial Universitaria de Buenos Aires 1985
Edizione:5a. ed
Serie:Cuadernos, 77
Soggetti:
Tags: Aggiungi Tag
Nessun Tag, puoi essere il primo ad aggiungerne!!

MARC

LEADER 00000nam a2200000 a 4500
001 UCW8414
003 CL-VaPUC
008 880905e19850000AG |||||||||||||||||spa|d
082 0 4 |a 185  |b BRU  |2 21 
100 0 |a Brun, Jean  |e author  |9 313574 
245 1 0 |a Aristóles y el liceo 
250 |a 5a. ed 
300 |a 147 p 
942 |c BK 
945 |d 19880905 00:00:00 
260 |a Buenos Aires  |b Editorial Universitaria de Buenos Aires  |c 1985 
600 0 |a Aristóteles,  |d 384 a.C.- 322 a.C.  |9 194 
650 0 |a Biografías  |9 255210 
650 0 |a Crítica e interpretación   |9 255042 
583 |a last modification  |c 20140820 03:28:59  |k Rodrigo Vera 
490 0 |a Cuadernos, 77 
999 |c 220792  |d 220790 
952 |0 0  |1 0  |4 0  |6 185_000000000000000_BRU_1985  |7 0  |8 P  |9 213476  |a BIBEDU  |b BIBEDU  |c BIBEDU_PB  |d 2019-11-15  |i 2818116  |o 185 BRU 1985  |p 2818116  |r 2024-01-25  |w 2019-11-15  |y BK  |k FIL